| 000 | 00798nam a22002177a 4500 | ||
|---|---|---|---|
| 999 |
_c18706 _d18706 |
||
| 003 | AR-CdUCM | ||
| 008 | 190312b ||||| |||| 00| 0 spa d | ||
| 040 |
_aMUNICIPALIDAD PROVINCIAL DEL CUSCO _cBIBLIOTECA MUNICIPAL DEL CUSCO |
||
| 082 |
_a985.21 / _bR589 |
||
| 100 |
_aRiofrío, Alfredo _939444 |
||
| 245 |
_aDe invasores a inválidos 2 : _b10 Años de autodesarrollo en una barriada / |
||
| 260 |
_aLima : _bDesco, _c1980. |
||
| 300 |
_a125 paginas , _c25 cm. |
||
| 505 | _aContenido : Educacion inicial -- Educacion regular -- La atención en la salud -- El agua en Pamplona alta... | ||
| 650 |
_aRealidad social _917262 |
||
| 650 |
_aImperialismo y política en Lima _939445 |
||
| 650 |
_aInvasores _916221 |
||
| 700 |
_aRodríguez, Alfredo _916218 |
||
| 942 |
_2ddc _cLIBROS |
||
| 945 | _arcc | ||